<?xml version="1.0" encoding="UTF-8"?>
<record
    xmlns:xsi="http://www.w3.org/2001/XMLSchema-instance"
    xsi:schemaLocation="http://www.loc.gov/MARC21/slim http://www.loc.gov/standards/marcxml/schema/MARC21slim.xsd"
    xmlns="http://www.loc.gov/MARC21/slim">

  <leader>03488cam a2200373 a 4500</leader>
  <datafield tag="999" ind1=" " ind2=" ">
    <subfield code="c">3595</subfield>
    <subfield code="d">3595</subfield>
  </datafield>
  <controlfield tag="001">7925998</controlfield>
  <controlfield tag="003">Nust</controlfield>
  <controlfield tag="005">20180117090009.0</controlfield>
  <controlfield tag="008">100129s2010    caua     b    001 0 eng  </controlfield>
  <datafield tag="020" ind1=" " ind2=" ">
    <subfield code="a">9781849206112 (hbk.)</subfield>
  </datafield>
  <datafield tag="020" ind1=" " ind2=" ">
    <subfield code="a">1849206112 (hbk.)</subfield>
  </datafield>
  <datafield tag="020" ind1=" " ind2=" ">
    <subfield code="a">1849206120 (pbk.)</subfield>
  </datafield>
  <datafield tag="020" ind1=" " ind2=" ">
    <subfield code="a">9781849206129 (pbk.)</subfield>
  </datafield>
  <datafield tag="024" ind1=" " ind2=" ">
    <subfield code="a">99938780111</subfield>
  </datafield>
  <datafield tag="035" ind1=" " ind2=" ">
    <subfield code="a">(OCoLC)ocn491930428</subfield>
  </datafield>
  <datafield tag="035" ind1=" " ind2=" ">
    <subfield code="a">(OCoLC)491930428</subfield>
  </datafield>
  <datafield tag="035" ind1=" " ind2=" ">
    <subfield code="a">(NNC)7925998</subfield>
  </datafield>
  <datafield tag="040" ind1=" " ind2=" ">
    <subfield code="a">UKM</subfield>
    <subfield code="c">UKM</subfield>
    <subfield code="d">BTCTA</subfield>
    <subfield code="d">YDXCP</subfield>
    <subfield code="d">NhCcYBP</subfield>
    <subfield code="d">OrLoB-B</subfield>
  </datafield>
  <datafield tag="042" ind1=" " ind2=" ">
    <subfield code="a">ukblcatcopy</subfield>
  </datafield>
  <datafield tag="050" ind1=" " ind2="4">
    <subfield code="a">H62</subfield>
    <subfield code="b">.S93 2010</subfield>
  </datafield>
  <datafield tag="082" ind1="0" ind2="4">
    <subfield code="a">001.42</subfield>
    <subfield code="2">22</subfield>
  </datafield>
  <datafield tag="100" ind1="1" ind2=" ">
    <subfield code="a">Swanborn, P. G.,</subfield>
    <subfield code="d">1935-</subfield>
    <subfield code="9">11</subfield>
  </datafield>
  <datafield tag="245" ind1="1" ind2="0">
    <subfield code="a">Case study research :</subfield>
    <subfield code="b">what, why and how? /</subfield>
    <subfield code="c">Peter G. Swanborn.</subfield>
  </datafield>
  <datafield tag="260" ind1=" " ind2=" ">
    <subfield code="a">Los Angeles :</subfield>
    <subfield code="b">SAGE,</subfield>
    <subfield code="c">2010.</subfield>
  </datafield>
  <datafield tag="300" ind1=" " ind2=" ">
    <subfield code="a">ix, 178 p. :</subfield>
    <subfield code="b">ill. ;</subfield>
    <subfield code="c">25 cm.</subfield>
  </datafield>
  <datafield tag="504" ind1=" " ind2=" ">
    <subfield code="a">Includes bibliographical references and index.</subfield>
  </datafield>
  <datafield tag="505" ind1="0" ind2="0">
    <subfield code="g">1.</subfield>
    <subfield code="t">What is a case study? -- </subfield>
    <subfield code="g">1.1.</subfield>
    <subfield code="t">Introduction -- </subfield>
    <subfield code="g">1.2.</subfield>
    <subfield code="t">Phenomena and cases -- </subfield>
    <subfield code="g">1.3.</subfield>
    <subfield code="t">Historical background -- </subfield>
    <subfield code="g">1.4.</subfield>
    <subfield code="t">Methodological point of departure -- </subfield>
    <subfield code="g">1.5.</subfield>
    <subfield code="t">Definition -- </subfield>
    <subfield code="g">1.6.</subfield>
    <subfield code="t">Additional remarks about the definition -- </subfield>
    <subfield code="g">1.7.</subfield>
    <subfield code="t">An holistic approach? -- </subfield>
    <subfield code="g">1.8.</subfield>
    <subfield code="t">Conclusions -- </subfield>
    <subfield code="t">Exercises -- </subfield>
    <subfield code="t">Key terms -- </subfield>
    <subfield code="g">2.</subfield>
    <subfield code="t">When to conduct a case study? -- </subfield>
    <subfield code="g">2.1.</subfield>
    <subfield code="t">Introduction -- </subfield>
    <subfield code="g">2.2.</subfield>
    <subfield code="t">Research questions -- </subfield>
    <subfield code="g">2.3.</subfield>
    <subfield code="t">Specific conditions -- </subfield>
    <subfield code="g">2.4.</subfield>
    <subfield code="t">Further considerations -- </subfield>
    <subfield code="g">2.5.</subfield>
    <subfield code="t">Conclusions -- </subfield>
    <subfield code="t">Exercises -- </subfield>
    <subfield code="t">Key terms -- </subfield>
    <subfield code="g">3.</subfield>
    <subfield code="t">How to select cases? -- </subfield>
    <subfield code="g">3.1.</subfield>
    <subfield code="t">Introduction -- </subfield>
    <subfield code="g">3.2.</subfield>
    <subfield code="t">Demarcation of the domain -- </subfield>
    <subfield code="g">3.3.</subfield>
    <subfield code="t">No selection at all -- </subfield>
    <subfield code="g">3.4.</subfield>
    <subfield code="t">Random selection -- </subfield>
    <subfield code="g">3.5.</subfield>
    <subfield code="t">Pragmatic grounds -- </subfield>
    <subfield code="g">3.6.</subfield>
    <subfield code="t">Substantive criteria -- </subfield>
    <subfield code="g">3.7.</subfield>
    <subfield code="t">The problem of generalisation -- </subfield>
    <subfield code="g">3.8.</subfield>
    <subfield code="t">Conclusions -- </subfield>
    <subfield code="t">Exercises -- </subfield>
    <subfield code="t">Key terms -- </subfield>
    <subfield code="g">4.</subfield>
    <subfield code="t">What data to collect? -- </subfield>
    <subfield code="g">4.1.</subfield>
    <subfield code="t">Introduction -- </subfield>
    <subfield code="g">4.2.</subfield>
    <subfield code="t">Data and theories -- </subfield>
    <subfield code="g">4.3.</subfield>
    <subfield code="t">An application of theory -- </subfield>
    <subfield code="g">4.4.</subfield>
    <subfield code="t">Causality -- </subfield>
    <subfield code="g">4.5.</subfield>
    <subfield code="t">Conclusions -- </subfield>
    <subfield code="t">Exercises -- </subfield>
    <subfield code="t">Key terms -- </subfield>
    <subfield code="g">5.</subfield>
    <subfield code="t">How to enrich your case study data? -- </subfield>
    <subfield code="g">5.1.</subfield>
    <subfield code="t">Introduction: degrees of freedom -- </subfield>
    <subfield code="g">5.2.</subfield>
    <subfield code="t">Increasing the number of measurement points in time -- </subfield>
    <subfield code="g">5.3.</subfield>
    <subfield code="t">Introducing sub-units -- </subfield>
    <subfield code="g">5.4.</subfield>
    <subfield code="t">Increasing the number of cases -- </subfield>
    <subfield code="g">5.5.</subfield>
    <subfield code="t">Increasing the number of predictions -- </subfield>
    <subfield code="g">5.6.</subfield>
    <subfield code="t">Using several gradations of the independent variables -- </subfield>
    <subfield code="g">5.7.</subfield>
    <subfield code="t">Diversifying methods of collecting data -- </subfield>
    <subfield code="g">5.8.</subfield>
    <subfield code="t">Diversifying researchers -- </subfield>
    <subfield code="g">5.9.</subfield>
    <subfield code="t">Presenting results to participants and using their opinions as extra data -- </subfield>
    <subfield code="g">5.10.</subfield>
    <subfield code="t">Conclusions -- </subfield>
    <subfield code="t">Exercises -- </subfield>
    <subfield code="t">Key terms -- </subfield>
    <subfield code="g">6.</subfield>
    <subfield code="t">How to analyse your data? -- </subfield>
    <subfield code="g">6.1.</subfield>
    <subfield code="t">Introduction -- </subfield>
    <subfield code="g">6.2.</subfield>
    <subfield code="t">Five traditions -- </subfield>
    <subfield code="g">6.3.</subfield>
    <subfield code="t">Analysis -- </subfield>
    <subfield code="g">6.4.</subfield>
    <subfield code="t">Limits of tabulations on qualitative data -- </subfield>
    <subfield code="g">6.5.</subfield>
    <subfield code="t">Conclusions -- </subfield>
    <subfield code="t">Exercises -- </subfield>
    <subfield code="t">Key terms -- </subfield>
    <subfield code="g">7.</subfield>
    <subfield code="t">Assets and opportunities -- </subfield>
    <subfield code="g">7.1.</subfield>
    <subfield code="t">Styles of reporting -- </subfield>
    <subfield code="g">7.2.</subfield>
    <subfield code="t">Combining intensive and extensive approaches -- </subfield>
    <subfield code="g">7.3.</subfield>
    <subfield code="t">Generalising from the user's perspective -- </subfield>
    <subfield code="g">7.4.</subfield>
    <subfield code="t">Meta-analysis -- </subfield>
    <subfield code="g">7.5.</subfield>
    <subfield code="t">The efficiency of case studies -- </subfield>
    <subfield code="g">7.6.</subfield>
    <subfield code="t">Epilogue -- </subfield>
    <subfield code="t">Key terms -- </subfield>
    <subfield code="g">Appendix 1.</subfield>
    <subfield code="t">Selected literature on case studies -- </subfield>
    <subfield code="g">Appendix 2.</subfield>
    <subfield code="t">The political science debate on case studies -- </subfield>
    <subfield code="g">Appendix 3.</subfield>
    <subfield code="t">A note on triangulation -- </subfield>
    <subfield code="g">Appendix 4.</subfield>
    <subfield code="t">A note on contamination.</subfield>
  </datafield>
  <datafield tag="650" ind1=" " ind2="0">
    <subfield code="a">Social sciences</subfield>
    <subfield code="x">Research</subfield>
    <subfield code="x">Methodology.</subfield>
    <subfield code="9">12</subfield>
  </datafield>
  <datafield tag="650" ind1=" " ind2="0">
    <subfield code="a">Case method.</subfield>
    <subfield code="9">13</subfield>
  </datafield>
  <datafield tag="900" ind1=" " ind2=" ">
    <subfield code="b">TOC</subfield>
  </datafield>
  <datafield tag="942" ind1=" " ind2=" ">
    <subfield code="2">ddc</subfield>
    <subfield code="c">BK</subfield>
  </datafield>
  <datafield tag="948" ind1="1" ind2=" ">
    <subfield code="a">20100910</subfield>
    <subfield code="b">c</subfield>
    <subfield code="c">pg2032</subfield>
    <subfield code="d">MPS</subfield>
  </datafield>
  <datafield tag="952" ind1=" " ind2=" ">
    <subfield code="0">0</subfield>
    <subfield code="1">0</subfield>
    <subfield code="2">ddc</subfield>
    <subfield code="4">0</subfield>
    <subfield code="7">0</subfield>
    <subfield code="8">CS</subfield>
    <subfield code="a">CL</subfield>
    <subfield code="b">CL</subfield>
    <subfield code="c">CS</subfield>
    <subfield code="d">2016-11-19</subfield>
    <subfield code="l">1</subfield>
    <subfield code="m">2</subfield>
    <subfield code="o">001.42 SWA</subfield>
    <subfield code="p">S3H-N-31</subfield>
    <subfield code="r">2023-08-31</subfield>
    <subfield code="s">2018-04-17</subfield>
    <subfield code="w">2016-11-19</subfield>
    <subfield code="y">BK</subfield>
  </datafield>
</record>
